书目信息 |
| 题名: |
形象思维基础
|
|
| 作者: | 丁同成 , 张本煦 , 丁艺 编著 | |
| 分册: | ||
| 出版信息: | 北京 北京希望电子出版社 2004.11 |
|
| 页数: | 177页 | |
| 开本: | 26cm | |
| 丛书名: | ||
| 单 册: | ||
| 中图分类: | J06 | |
| 科图分类: | ||
| 主题词: | 艺术--设计--形象思维--高等学校--教材 | |
| 电子资源: | ||
| ISBN: | 7-5051-1003-9 | |
| 000 | 00813nam0 2200265 45 | |
| 001 | 012004000000 | |
| 005 | 20050113144302.28 | |
| 010 | @a7-5051-1003-9@dCNY 35.00 | |
| 100 | @a20041220d2004 em y0chiy0121 ea | |
| 101 | 0 | @achi |
| 102 | @aCN@b110000 | |
| 105 | @aa z 000yy | |
| 200 | 1 | @a形象思维基础@Axing xiang si wei ji chu@f丁同成, 张本煦, 丁艺编著 |
| 210 | @a北京@c北京希望电子出版社@d2004.11 | |
| 215 | @a177页@c图@d26cm@e附光盘1片 | |
| 300 | @a高等院校艺术与设计专业教材 | |
| 307 | @a附光盘: ISBN 7-89498-285-7 | |
| 320 | @a附主要参考文献 | |
| 606 | 0 | @a艺术@x设计@x形象思维@x高等学校@j教材 |
| 690 | @aJ06@v4 | |
| 701 | 0 | @a丁同成@Ading tong cheng@4编著 |
| 701 | 0 | @a张本煦@Azhang ben xu@4编著 |
| 701 | 0 | @a丁艺@Ading yi@4编著 |
| 801 | 0 | @aCN@bQSSKw@c20050113 |
| 905 | @a10447@dJ06@eD570 | |
| 形象思维基础/丁同成, 张本煦, 丁艺编著.-北京:北京希望电子出版社,2004.11 |
| 177页:图;26cm+附光盘1片 |
| 高等院校艺术与设计专业教材 |
| ISBN 7-5051-1003-9:CNY 35.00 |
| ● |
| 相关链接 |
|
|
|
正题名:形象思维基础
索取号:J06/D570
 
预约/预借
| 序号 | 登录号 | 条形码 | 馆藏地/架位号 | 状态 | 备注 |
| 1 | 436909 | 204369094 | 社科库309/ [索取号:J06/D570] | 在馆 | |
| 2 | 436910 | 204369101 | 社科库309/309社科库 62排2列5层/ [索取号:J06/D570] | 在馆 |